00810nam a2200217 i 4500001000700000003000900007005001700016007000300033008004100036080001400077100002800091245011300119260003400232300002700266490003000293650003800323830003800361852005200399999001900451952012200470106061ES-MaACL20230906184039.0t|060925s1973 fr |||| | fre d a316.454.71 aMeister, Albert.97985610aParticipation animation et développement áa partir d'une étude rurale en Argentine / cAlbert Meister. aParis : bAnthropos, c[1973] aXIV, 382 p. ; c19 cm.1 aSociologie et tiers monde14aParticipación ciudadana.9158500 aSociologie et tiers monde9232808 aES-MaACLjAND-720 z. - Biblioteca Juan Andrade c106061d106061 00104070aATENEOMbATENEOMcDEPO2d2008-01-17eSCl0oAND-720p1110723r2023-02-23 00:00:00w2023-02-23yMONOGRAFIA